MARC

LEADER 00000nam0a2200000 4500
001 298058
005 20231102001052.0
020 |a RU  |b 84-54115 
035 |a (RuTPU)RU\TPU\book\323200 
090 |a 298058 
100 |a 20150616d1984 km y0rusy5003 ca 
101 0 |a rus 
102 |a UA 
105 |a ac z 001zy 
200 1 |a Механика континуальных систем  |e избранные труды  |f Н. А. Кильчевский  |g Академия наук Украинской ССР (АН УССР), Институт механики 
210 |a Киев  |c Наукова думка  |d 1984 
215 |a 429 с.  |c граф., 1 л. портр. 
320 |a Библиогр.: с. 413-424 
320 |a Библиогр. в конце ч. 
606 1 |a Механика сплошных сред  |2 stltpush  |3 (RuTPU)RU\TPU\subj\43578  |9 63063 
610 1 |a континуальная теория 
610 1 |a нелинейная механика 
610 1 |a оболочки 
610 1 |a аналитические методы 
610 1 |a системы дифференциальных уравнений 
610 1 |a построение 
610 1 |a контактные взаимодействия 
610 1 |a теория 
610 1 |a Гамильтонова механика 
610 1 |a аэротермодинамика 
610 1 |a твердые деформируемые тела 
675 |a 531/534  |z rus  |v 4 
700 1 |a Кильчевский  |b Н. А.  |g Николай Александрович  |4 070 
712 0 2 |a Академия наук Украинской ССР (АН УССР)  |b Институт механики  |c (Киев)  |c (1959-1991)  |2 stltpush  |3 (RuTPU)RU\TPU\col\1205 
801 0 |a RU  |b RuMRKP  |c 19950704  |g psbo 
801 1 |a RU  |b 63413507  |c 20150616 
801 2 |a RU  |b 63413507  |c 20190214  |g RCR 
942 |c BK